Introduction to management accounting

Đã lưu trong:
書目詳細資料
主要作者: Horngren, Charles T.
格式: 圖書
語言:Undetermined
出版: London Prentice - Hall International, Inc 1987
主題:
標簽: 添加標簽
沒有標簽, 成為第一個標記此記錄!
Thư viện lưu trữ: Trung tâm Học liệu Trường Đại học Cần Thơ
LEADER 00518nam a2200181Ia 4500
001 CTU_77496
008 210402s9999 xx 000 0 und d
082 |a 658.15 
082 |b H816 
100 |a Horngren, Charles T. 
245 0 |a Introduction to management accounting 
245 0 |c Charles T. Horngren 
260 |a London 
260 |b Prentice - Hall International, Inc 
260 |c 1987 
650 |a Managerial accounting 
904 |i Trọng Hải 
980 |a Trung tâm Học liệu Trường Đại học Cần Thơ